Teatr u wód z Mieczysławą Ćwiklińską czyli polanickie wspomnienia teatralne
| Titel: | Teatr u wód z Mieczysławą Ćwiklińską czyli polanickie wspomnienia teatralne |
|---|---|
| Verfasser: | |
| In: |
Śla̜ski labirynt krajoznawczy, Band 9 (1997), Seite 149-152, il. 3 alle Artikel anzeigen |
| Veröffentlicht: | 1997 |
| Format: | Aufsatz |
| Sprache: | Polnisch |
X
alg: 39469879 001A $01999:12-11-16 001B $01999:30-05-21 $t14:39:37.000 001D $01999:12-11-16 001U $0utf8 001X $00 002@ $0Aox 003@ $0394698797 007A $0394698797 $aHEB 007T $0Herdw06260 010@ $apol 011@ $a1997 021A $aTeatr u wód z Mieczysławą Ćwiklińską czyli polanickie wspomnienia teatralne 027A $aDas Bädertheater mit Mieczysława Ćwiklińska oder Theatererinnerungen aus Bad Altheide 028A $aFranczukowski $dZbigniew 031A $d9 $h149-152, il. 3 $j1997 039B $aIn $8--Abvc--. Śla̜ski labirynt krajoznawczy. - Wrocław : Sudety, 1989-. - ISSN 0867-0013 $x199700000090000851 $9048583480 045F $a307.09438 $eDDC23BSB 045F/01 $a307.09 045F/03 $g438 045F/03 $g4385 046C $aDas Bädertheater mit Mieczysława Ćwiklińska oder Theatererinnerungen aus Bad Altheide $bÜbers. des Hauptsacht. lok: 39469879 78 exp: 39469879 78 1 #EPN 201B/01 $012-09-18 $t23:04:33.000 201U/01 $0utf8 203@/01 $079080929X 208@/01 $a12-11-16 $be 209A/01 $a/ $f000 $x00 220C/01 $aTitelaufnehmer: KS 220C/01 $aHerkunft: CBŚB Wrocław 244Z/01 $2Trx $#Silesia $#Śląsk $#Sliezsko $#Slezsko $8--Trx--Schlesien $x01 $9391173987 244Z/01 $2Trx $#Poola $#Lenkija $#Polija $#Polen Land $#Poland $#Lengyelország $#Poľsko $#Polsko $8--Trx--Polska$gkraj $x02 $9391345966 244Z/01 $#Bad Altheide $#Starý Bor $72066401-1 $8--Tg1--Polanica-Zdrój $x03 $9043124577 244Z/01 $aGeschichte 1904-1995 $x04 244Z/01 $2Trx $#teater $#teatras $#theatre $#színház $#teatr $#divadlo $#divadlo $8--Trx--Theater $x05 $9391363646 244Z/01 $2Trx $#näitlejad $#aktoriai $#actors $#színész $#aktorzy $#herci $#herci $#Filmschauspieler $#filmoví herci $8--Trx--Schauspieler $x06 $9391380567 244Z/01 $2Trx $8--Trx--Zeitschriftenaufsatz $x07 $9391384341 245Z/01 $a13.03 $x01 245Z/01 $a11.12 $x02 247C/01 $82080>Marburg/Lahn, Herder-Institut, Forschungsbibliothek, Bibliographieportal $9336309341
| LEADER | 00000caa a22000002c 4500 | ||
|---|---|---|---|
| 001 | 394698797 | ||
| 003 | DE-603 | ||
| 005 | 20210530143937.0 | ||
| 007 | tu | ||
| 008 | 161112s1997 xx |||| | u00||u|pol c | ||
| 035 | |a (DE-599)HEB394698797 | ||
| 040 | |a DE-603 |b ger |c DE-603 |d DE-603 | ||
| 041 | |a pol | ||
| 082 | 0 | 4 | |8 1\u |a 307.09438 |q DE-101 |2 23/BSB |
| 085 | |8 1\u |b 307.09 | ||
| 085 | |8 1\u |z 2 |s 438 | ||
| 085 | |8 1\u |z 2 |s 4385 | ||
| 100 | 1 | |a Franczukowski, Zbigniew | |
| 245 | 0 | 0 | |a Teatr u wód z Mieczysławą Ćwiklińską czyli polanickie wspomnienia teatralne |
| 246 | 1 | |i Übers. des Hauptsacht. |a Das Bädertheater mit Mieczysława Ćwiklińska oder Theatererinnerungen aus Bad Altheide | |
| 246 | 1 | 3 | |a Das Bädertheater mit Mieczysława Ćwiklińska oder Theatererinnerungen aus Bad Altheide |
| 264 | 0 | |c 1997 | |
| 773 | 0 | 8 | |i In |t Śla̜ski labirynt krajoznawczy |d Wrocław : Sudety, 1989- |x 0867-0013 |g Band 9 (1997), Seite 149-152, il. 3 |w (DE-603)048583480 |w (DE-600)1077945-0 |
| 924 | 0 | |9 2080 |a (DE-603)79080929X |b DE-2080 |c HES |d d |g / | |


